000 00534nam a2200181Ia 4500
005 20250508152143.0
008 008 250505s9999 xx 000 0 eng d
037 _aBooks to be hide in OPAC
040 _aFEDL
_beng
_cFEDL
041 _aeng
_2eng
084 _a954, SAS
_qFEDL
100 _aSastri K A Nilakanta Ed.
_9151138
245 0 _aComprehensive history of India : Vol. 2
260 _aBombay, India
_bOrient Longman Pvt. Ltd.
_c1957
300 _a918p.
942 _cHB
_h954, SAS
999 _c1334601
_d1334601